000 00643pam a2200217 a 4500
001 4416005
005 20180306032435.0
008 930818s1994 nyu 001 0 eng
010 _a 93032933
020 _a0471597619
040 _aDLC
_cDLC
_dDLC
041 _aeng
080 _a545 gar
082 0 0 _a545 gar
_220
100 1 _a11
101 _akim
245 1 0 _aAnalytical chemistry /
_cGary D. Christian.
906 _a7
_bcbc
_corignew
_d1
_eocip
_f19
_gy-gencatlg
942 _2ddc
_cBK
999 _c44117
_d44117